Equipos - Eurocopa 2000 - Estadísticas

Estadísticas generales
  • Esta prueba ha sido intentada 33 veces
  • La puntuación promedio es 14 de 16
Estadísticas de respuestas
Squadra % Correcto
España
100%
Francia
100%
Italia
100%
Alemania
97%
Dinamarca
97%
Bélgica
93%
Inglaterra
93%
Países Bajos
90%
Rumanía
90%
Portugal
87%
Suiza
87%
Turquía
80%
Eslovenia
73%
República Checa
73%
Noruega
67%
Yugoslavia
27%
No se encontraron pruebas coincidentes
Distribución de puntuación
Porcentaje de gente con cada puntuación
Porcentaje por número respondido
Historial de tus puntuaciones
No has intentado esta prueba.